000 00698nam a2200229Ia 4500
999 _c1849
_d1849
001 7445792
003 OSt
005 20180921152844.0
008 810526s1958 ilu 000 0 eng d
040 _aIHT
_cIHT
_dBSC
082 _a259
_bH7167Y
092 _a259.23
_bH716y
100 1 _aHoglund, Gunnar.
245 1 0 _aYouth leaders' handbook /
_cby Gunnar Hoglund and Virginia Grabill.
260 _aWheaton, IL :
_bMiracle Books ;
_aGrand Rapids :
_bdistributed by Zondervan,
_c1958.
300 _a185 p. ;
_c21 cm.
650 0 _aChristian education of teenagers.
650 0 _aChurch work with youth.
650 0 _aChurch work with teenagers.
700 1 _aGrabill, Virginia.
942 _2ddc
_cBK